| 000 | 00621cam a2200169 4500 | ||
|---|---|---|---|
| 082 |
_a515.8 _bHOB _cL-2, P-55 |
||
| 100 | 1 |
_aHobson, Ernest William, _939322 |
|
| 245 | 1 | 4 |
_aThe theory of functions of a real variable and the theory of Fourier's series. _cHobson, Ernest William |
| 260 |
_aWashington, _bHarren Press, _c1950. |
||
| 300 |
_a772 p. : _bdiagrs. _c24 cm. |
||
| 500 | _aVol. 1: 3d ed., rev. throughout and enl.; v. 2: 2d ed., rev throughout and enl. | ||
| 526 |
_a0 _b0 _c0 _d515_800000000000000_HOB |
||
| 650 | 0 |
_a772 _939323 |
|
| 650 | 0 |
_aIntegrals, Generalized. _939324 |
|
| 650 | 0 |
_aMCE _9379 |
|
| 942 |
_2ddc _cBK |
||
| 999 |
_c543824 _d543824 |
||